000 00595nam a2200193Ia 4500
003 GCL
008 140319s9999 xx 000 0 ara d
040 _aGCL /
_cGCL
082 0 4 _a001.6424
_bك ا
100 1 _aكاستر هيلين
245 1 0 _aاستعمال النظام Windows NT /
_cكاستر هيلين
260 _a[S.N] :
_bالدار العربية للعلوم ،
_c1993
300 _a370 ص
490 _a
650 0 4 _aالحاسبات الالكترونية
650 0 4 _aويندوز
650 0 4 _aبرامج الحاسبات الالكترونية
942 _2ddc
_cBK
999 _c46825
_d46825